[Event "WCPL Abergavenny v White Knights"]
[Site "?"]
[Date "2023.05.21"]
[Round "5"]
[White "Saunders, Nigel"]
[Black "Garcia, Jason"]
[Result "1-0"]
[WhiteElo "1960"]
[BlackElo "2048"]
[PlyCount "73"]
[EventDate "2023.??.??"]

1. Nf3 c5 2. c4 Nf6 3. g3 b6 4. Bg2 Bb7 5. O-O e6 6. Nc3 Be7 7. d3 d6 8. a3 O-O 9. b4 Nbd7 10. Bb2 d5 11. bxc5 Nxc5 12. Ne5 dxc4 13. Bxb7 Nxb7 14. Nc6 Qd7 15. Nxe7+ Qxe7 16. d4 Rfd8 17. a4 Na5 18. e3 Qd7 19. Qe2 Rac8 20. Rad1 Nb3 21. f4 g6 22. g4 Qc6 23. f5 exf5 24. gxf5 Ne4 25. Rf4 Nxc3 26. Bxc3 Qd6 27. Qg4 Nc5 28. Rdf1 Nxa4 29. fxg6 fxg6 30. Rf6 Qe7 31. Re6 Qg7 32. Bb4 Re8 33. Qe4 Qd7 34. d5 c3 35. Be7 Rxe7 36. Rxe7 Qh3 37. Qe5 1-0

[Event "WCPL Abergavenny v White Knights"]
[Site "Bridgend"]
[Date "2023.05.21"]
[Round "5.4"]
[White "Hewitt, William"]
[Black "Owen, Andrew"]
[Result "1-0"]
[WhiteElo "2071"]
[BlackElo "1751"]
[Annotator "Paul,Hatchett"]
[PlyCount "49"]
[EventDate "2023.05.21"]
[EventCountry "WLS"]
[WhiteTeam "White Knights"]
[BlackTeam "Abergavenny"]

{[%evp 0,44,19,38,40,41,41,40,25,21,21,47,87,65,61,23,52,-2,52,45,54,44,58,54,54,39,55,61,109,109,114,38,180,193,193,182,182,161,188,202,193,168,160,142,154,128,113]} 1. e4 c5 2. Nf3 e6 3. d4 cxd4 4. Nxd4 Nf6 5. Nc3 d6 6. Be3 Be7 7. f4 Nc6 8. Qf3 Bd7 9. O-O-O Nxd4 10. Bxd4 Bc6 11. Bd3 Qa5 12. g4 e5 13. Be3 d5 14. exd5 Nxd5 15. Be4 Nb4 16. a3 Bxe4 17. Qxe4 Nc6 18. Rd5 Qc7 19. fxe5 O-O 20. Rhd1 Rad8 21. Bf4 Rxd5 22. Nxd5 Qc8 23. Qf5 Qe6 24. Bg3 Rd8 25. Qxe6 1-0

[Event "WCPL Abergavenny v White Knights"]
[Site "Bridgend"]
[Date "2023.05.21"]
[Round "5"]
[White "Llewellyn, David"]
[Black "May, Adam"]
[Result "1/2-1/2"]
[WhiteElo "1956"]
[BlackElo "1908"]
[PlyCount "47"]
[EventDate "2023.05.21"]
[EventCountry "WLS"]

1. d4 d5 2. c4 e6 3. Nc3 Nf6 4. cxd5 exd5 5. Bg5 c6 6. e3 h6 7. Bh4 Be7 8. Bd3 O-O 9. Nge2 Re8 10. O-O Nbd7 11. f3 b5 12. Qc2 a5 13. Rae1 Bb7 14. h3 Rc8 15. Qb1 b4 16. Na4 c5 17. dxc5 Nxc5 18. Nxc5 Bxc5 19. Nd4 Qb6 20. Bf2 Ba6 21. Rc1 Bxd3 22. Qxd3 Bf8 23. Rc2 Rxc2 24. Qxc2 1/2-1/2

[Event "WCPL Abergavenny v White Knights"]
[Site "Bridgend"]
[Date "2023.05.21"]
[Round "5"]
[White "Thomas, Mark"]
[Black "Keane, Alan"]
[Result "1/2-1/2"]
[WhiteElo "1916"]
[BlackElo "1845"]
[PlyCount "106"]
[EventDate "2023.05.21"]
[EventCountry "WLS"]

1. e4 c6 2. d3 d5 3. Nd2 e5 4. Ngf3 Nd7 5. g3 Ngf6 6. Bg2 Be7 7. O-O O-O 8. Nh4 Re8 9. Re1 dxe4 10. dxe4 Qc7 11. b3 b5 12. Bb2 Bb7 13. Qe2 Rad8 14. Red1 Bc5 15. Nf5 Nf8 16. Nf1 Ne6 17. c3 Bf8 18. N5e3 Bc5 19. h4 Qb6 20. b4 Bf8 21. a3 Bc8 22. Nd2 Qc7 23. Nb3 a6 24. Rac1 Rxd1+ 25. Rxd1 Rd8 26. Rd2 Rxd2 27. Qxd2 Qd7 28. Qxd7 Bxd7 29. c4 Bd6 30. c5 Bc7 31. Nf5 Ne8 32. Kf1 f6 33. Ke2 g6 34. Ne3 Kf7 35. Bc3 N8g7 36. Kd3 Ke7 37. f3 Nd8 38. Nc1 Be6 39. Ne2 Nf7 40. Bd2 Bd7 41. Nc2 Be6 42. Ne3 Bd7 43. Ng1 Be6 44. Bh3 Bxh3 45. Nxh3 Ke6 46. g4 Bb8 47. Nf2 Bc7 48. Ng2 Bb8 49. Ne3 Bc7 50. Nfd1 Bb8 51. Nb2 Ke7 52. a4 Ne6 53. Nc2 Ng7 1/2-1/2

[Event "WCPL U1850 Full Ponty v Cardiff Tigers"]
[Site "?"]
[Date "2023.05.21"]
[Round "5"]
[White "James, Dai"]
[Black "Quinn, Peter"]
[Result "1-0"]
[WhiteElo "1848"]
[BlackElo "1823"]
[PlyCount "71"]
[EventDate "2023.??.??"]

1. f4 Nf6 2. Nf3 g6 3. d3 Bg7 4. e4 d6 5. g3 b6 6. Bg2 Bb7 7. O-O O-O 8. c3 c5 9. h3 Nc6 10. Kh2 Qd7 11. Qe1 Ba6 12. Qe3 Rad8 13. Na3 e5 14. Nc2 Bh6 15. Qe2 exf4 16. Bxf4 Bxf4 17. gxf4 Rde8 18. Qd2 Kg7 19. c4 Bc8 20. Rae1 Nh5 21. f5 Qe7 22. Ne3 Ne5 23. Ng4 Nxf3+ 24. Rxf3 f6 25. Qh6+ Kg8 26. fxg6 Bxg4 27. hxg4 Qe5+ 28. Kh1 hxg6 29. gxh5 g5 30. Ref1 Re6 31. Bh3 Rf7 32. Qg6+ Rg7 33. Bxe6+ Qxe6 34. Qxf6 Qg4 35. Qf8+ Kh7 36. Qf5+ 1-0

[Event "WCPL U1850 Full Ponty v Cardiff Tigers"]
[Site "?"]
[Date "2023.05.21"]
[Round "5"]
[White "Zedlmeyer, Leon"]
[Black "Estevez, Sergio"]
[Result "1-0"]
[WhiteElo "1665"]
[BlackElo "1332"]
[PlyCount "53"]
[EventDate "2023.??.??"]

1. d4 f5 2. g4 fxg4 3. h3 d5 4. hxg4 Bxg4 5. f3 Bf5 6. Nc3 Nf6 7. e4 dxe4 8. fxe4 Nxe4 9. Qf3 Nxc3 10. Qxf5 Nd5 11. Bd3 Qd7 12. Qh5+ Kd8 13. Nf3 Qe6+ 14. Ne5 g6 15. Bxg6 Nf6 16. Qf3 Nc6 17. Be3 Nxe5 18. dxe5 Qxe5 19. O-O-O+ Kc8 20. Bf4 Qb5 21. Qh3+ Nd7 22. Rxd7 e6 23. Rxc7+ Kd8 24. Rd1+ Bd6 25. Qxe6 hxg6 26. Qxd6+ Ke8 27. Qe7# 1-0

[Event "WCPL U1850 Full Ponty v Cardiff Tigers"]
[Site "?"]
[Date "2023.05.21"]
[Round "5"]
[White "Herath, Kemul"]
[Black "Fox, Chris"]
[Result "0-1"]
[WhiteElo "1100"]
[BlackElo "1601"]
[PlyCount "88"]
[EventDate "2023.??.??"]

1. d4 Nf6 2. c4 e6 3. Nc3 Bb4 4. Bd2 c5 5. Nf3 cxd4 6. Nxd4 Nc6 7. Qb3 Nxd4 8. Be3 Nxb3 9. axb3 Ne4 10. Bd4 Nxc3 11. bxc3 Be7 12. Bxg7 Rg8 13. Bd4 Bf6 14. g3 Bxd4 15. cxd4 Qb6 16. Rd1 Qb4+ 17. Rd2 Qxb3 18. e3 d5 19. Rd3 Qb4+ 20. Rd2 dxc4 21. Be2 c3 22. Rd1 c2+ 23. Kf1 cxd1=Q+ 24. Bxd1 b6 25. Bf3 Ba6+ 26. Kg2 Rc8 27. Be4 h5 28. Rb1 Qxb1 29. Bxb1 Bb7+ 30. f3 Rc1 31. Bh7 Rg7 32. Bd3 a5 33. Bb5+ Bc6 34. Bd3 a4 35. e4 a3 36. d5 exd5 37. exd5 Bxd5 38. Bb5+ Ke7 39. Ba4 a2 40. Kh3 a1=Q 41. Kh4 Qxa4+ 42. Kh3 Be6+ 43. g4 hxg4+ 44. fxg4 Qxg4# 0-1

[Event "WCPL U1850 Full Ponty v Cardiff Tigers"]
[Site "?"]
[Date "2023.05.21"]
[Round "5"]
[White "Lloyd, Greg"]
[Black "Smart, John"]
[Result "1-0"]
[WhiteElo "1372"]
[BlackElo "876"]
[PlyCount "61"]
[EventDate "2023.??.??"]

1. d4 d5 2. c4 c6 3. Nc3 Nf6 4. e3 e6 5. Nf3 Bb4 6. a3 Bxc3+ 7. bxc3 dxc4 8. Bxc4 b5 9. Bd3 a5 10. O-O Ba6 11. Qc2 b4 12. axb4 Bxd3 13. Qxd3 Nd5 14. e4 Nc7 15. Rxa5 Rxa5 16. bxa5 Nb5 17. c4 Nd6 18. Ba3 O-O 19. e5 Nf5 20. Bxf8 Kxf8 21. Ra1 Na6 22. d5 cxd5 23. cxd5 Qxd5 24. Qxa6 Nd4 25. Nxd4 Qxd4 26. Qc8+ Ke7 27. Qc1 Qxe5 28. a6 Qb8 29. a7 Qa8 30. Qc7+ Kf6 31. Qb8 1-0

[Event "WCPL U1850 Morriston v White Knights"]
[Site "?"]
[Date "2023.05.21"]
[Round "5"]
[White "Moore, Bob"]
[Black "Daniel, Chris"]
[Result "1/2-1/2"]
[WhiteElo "1802"]
[BlackElo "1671"]
[PlyCount "46"]
[EventDate "2023.??.??"]

1. d4 Nf6 2. Nf3 g6 3. Nbd2 d5 4. e3 Bg7 5. Bd3 O-O 6. O-O b6 7. c3 Ba6 8. Bxa6 Nxa6 9. Qe2 Qc8 10. e4 dxe4 11. Nxe4 c5 12. Re1 Nxe4 13. Qxe4 cxd4 14. Nxd4 e6 15. Be3 Nc5 16. Qh4 Qd8 17. Qxd8 Rfxd8 18. Nc6 Rd6 19. Nb4 Rad8 20. Bf4 R6d7 21. Nc6 Rc8 22. Ne5 Bxe5 23. Bxe5 Nd3 1/2-1/2

[Event "WCPL U1850 Morriston v White Knights"]
[Site "?"]
[Date "2023.05.21"]
[Round "5"]
[White "Eustis, Ian"]
[Black "Probert, Malcolm"]
[Result "1/2-1/2"]
[WhiteElo "1838"]
[BlackElo "1518"]
[PlyCount "44"]
[EventDate "2023.??.??"]

1. Nf3 d5 2. d4 Nf6 3. Bf4 c5 4. c3 cxd4 5. cxd4 Nc6 6. e3 g6 7. Nc3 a6 8. Bd3 Bg7 9. O-O Nd7 10. Nxd5 e5 11. Bg3 O-O 12. Bh4 f6 13. dxe5 Ndxe5 14. Be2 Be6 15. Nc3 Qb6 16. b3 Rfd8 17. Na4 Qb4 18. Qe1 Nxf3+ 19. Bxf3 Qxh4 20. Nc5 Bc8 21. Rd1 Rxd1 22. Qxd1 f5 1/2-1/2